| 000 | 00475nam a22001457a 4500 | ||
|---|---|---|---|
| 003 | MACL | ||
| 005 | 20200716125047.0 | ||
| 008 | 200716b xxu||||| |||| 00| 0 eng d | ||
| 040 | _cMACL | ||
| 100 |
_aनैमिशराय,मोहनदास _966691 |
||
| 245 | _aभारतीय दलित इतिहास | ||
| 260 |
_aनई दिल्ली _bअनुराग प्रकाशन _c2018 |
||
| 650 |
_aइतिहास _978978 |
||
| 942 |
_2ddc _cHIN |
||
| 999 |
_c62646 _d62646 |
||